000 00578nam a22001817a 4500
008 150323b xxu||||| |||| 00| 0 eng d
041 0 _aeng
080 _a363
100 _aRosenbaum, Walter A.
245 1 0 _aEnvironmental politics and policy /
_cWalter A. Rosenbaum.
250 _aVëllimi i 6
260 _aWashington, D.C. :
_bCQ Press,
_c2005.
300 _a395 f. :
_bme il. ;
_c23 cm.
500 _aPreface: f: XI-XIII
505 _aIndex: f. 371-395
650 0 _aPolitika e mjedisit
942 _2udc
_cBK
999 _c537
_d537